000 01740nam a2200433Ii 4500
001 9781787548527
003 UtOrBLW
005 20210303084804.0
006 m o d
007 cr un|||||||||
008 191115t20192020enk o 001 0 eng d
020 _a9781787548527 (e-book)
040 _aUtOrBLW
_beng
_erda
_cUtOrBLW
050 4 _aLC65
_b.E38 2019
072 7 _aEDU034000
_2bisacsh
072 7 _aJNC
_2bicssc
080 _a338.4
082 0 4 _a338.4737
_223
245 0 4 _aThe educational intelligent economy :
_bbig data, artificial intelligence, machine learning and the internet of things in education /
_cedited by Tavis D. Jules (Loyola University Chicago, USA), and Florin D. Salajan (North Dakota State University, USA).
264 1 _bEmerald Publishing Limited,
300 _a1 online resource (xxii, 280 pages) ;
_ccm.
490 1 _aInternational perspectives on education and society,
_x1479-3679 ;
_vvolume 38
500 _aIncludes index.
588 0 _aPrint version record.
650 0 _aEducation
_xEconomic aspects.
650 0 _aArtificial intelligence
_xEducational applications.
650 0 _aInternet of things.
650 7 _aEducation
_xEducational Policy & Reform
_xGeneral.
_2bisacsh
650 7 _aEducational psychology.
_2bicssc
700 1 _aJules, Tavis D.,
_eeditor.
700 1 _aSalajan, Florin D.,
_eeditor.
776 _z9781787548534
830 0 _aInternational perspectives on education and society ;
_vv. 38.
_x1479-3679
856 4 0 _uhttps://www.emerald.com/insight/publication/doi/10.1108/S1479-3679201938
999 _c29575
_d29575